Online
Catalog

La fundación de la Villa de Santo Domingo : (Record no. 21217)

MARC details
000 -CABECERA
campo de control de longitud fija 01154nam a2200313 i 4500
001 - NÚMERO DE CONTROL
campo de control 000021718
003 - IDENTIFICADOR DEL NÚMERO DE CONTROL
campo de control DO-SdBNP
005 - FECHA Y HORA DE LA ÚLTIMA TRANSACCIÓN
campo de control 20250217091458.0
007 - CAMPO FIJO DE DESCRIPCIÓN FÍSICA--INFORMACIÓN GENERAL
campo de control de longitud fija ta
008 - DATOS DE LONGITUD FIJA--INFORMACIÓN GENERAL
campo de control de longitud fija 100910s1992 dr ac r 000 0 spa d
040 ## - FUENTE DE LA CATALOGACIÓN
Centro catalogador/agencia de origen DO-SdBNP
Lengua de catalogación spa
Centro/agencia transcriptor BNPHU
Normas de descripción rda
082 ## - NÚMERO DE LA CLASIFICACIÓN DECIMAL DEWEY
Número de documento/Ítem V443f
Número de edición 22
100 1# - ENTRADA PRINCIPAL--NOMBRE DE PERSONA
Nombre de persona Veloz Maggiolo, Marcio,
Fechas asociadas al nombre 1936-2021
9 (RLIN) 1104
Término indicativo de función/relación autor
245 13 - MENCIÓN DE TÍTULO
Título La fundación de la Villa de Santo Domingo :
Resto del título un estudio arqueo-histórico /
Mención de responsabilidad, etc. Marcio Veloz Maggiolo, Elpidio Ortega ; prólogo Nicolás de Jesús López Rodríguez.
264 #1 - PRODUCCIÓN, PUBLICACIÓN, DISTRIBUCIÓN, FABRICACIÓN Y COPYRIGHT
Producción, publicación, distribución, fabricación y copyright Santo Domingo :
Nombre del de productor, editor, distribuidor, fabricante Amigo del Hogar,
Fecha de producción, publicación, distribución, fabricación o copyright 1992.
300 ## - DESCRIPCIÓN FÍSICA
Extensión 277 páginas
Otras características físicas ilustraciones, retratos
Dimensiones 24 cm.
336 ## - TIPO DE CONTENIDO
Fuente rdacontent
Término de tipo de contenido texto
Código de tipo de contenido txt
337 ## - TIPO DE MEDIO
Fuente rdamedia
Nombre/término del tipo de medio sin mediación
Código del tipo de medio n
338 ## - TIPO DE SOPORTE
Fuente rdacarrier
Nombre/término del tipo de soporte volumen
Código del tipo de soporte nc
490 1# - MENCIÓN DE SERIE
Mención de serie Quinto Centenario
490 1# - MENCIÓN DE SERIE
Mención de serie Historia de la ciudad
Designación de volumen o secuencia 1
500 ## - NOTA GENERAL
Nota general Incluye datos biográficos de los autores en las solapas
504 ## - NOTA DE BIBLIOGRAFÍA, ETC.
Nota de bibliografía, etc. Bibliografía : 233-237
590 ## - NOTA LOCAL (RLIN)
Nota local Inventariado, 2024/ YL
700 1# - PUNTO DE ACCESO ADICIONAL--NOMBRE DE PERSONA
Nombre de persona Ortega, Elpidio
9 (RLIN) 16002
Término indicativo de función/relación autor
700 1# - PUNTO DE ACCESO ADICIONAL--NOMBRE DE PERSONA
Nombre de persona López Rodríguez, Nicolás de Jesús,
Fechas asociadas al nombre 1936-
Término indicativo de función/relación prólogo
9 (RLIN) 670
910 ## - DATOS DE OPCIÓN DEL USUARIO (OCLC)
Datos de opción del usuario YLockward
942 ## - ELEMENTOS DE PUNTO DE ACCESO ADICIONAL (KOHA)
Fuente del sistema de clasificación o colocación Dewey Decimal Classification
Tipo de ítem Koha Libro
Holdings
Estado de retiro Estado de pérdida Fuente del sistema de clasificación o colocación Restricciones de uso No para préstamo Código de colección Localización permanente Ubicación/localización actual Ubicación en estantería Fecha de adquisición Fuente de adquisición Total de préstamos Signatura topográfica completa Código de barras Fecha visto por última vez Número de copia Precio válido a partir de Tipo de ítem Koha Nota pública
    Dewey Decimal Classification Préstamo en sala   Dominicana de Servicio Biblioteca Nacional Pedro Henríquez Ureña Biblioteca Nacional Pedro Henríquez Ureña Depósito 01.07.2013 Donación   BNPHU DS V443f 21718-30 25.06.2020 e.3 25.06.2020 Libro Perteneció a la biblioteca personal de la familia Reyes Duluc.
    Dewey Decimal Classification Préstamo en sala   Dominicana de Servicio Biblioteca Nacional Pedro Henríquez Ureña Biblioteca Nacional Pedro Henríquez Ureña Depósito 01.07.2013 Donación   BNPHU DS V443f 21718-40 25.06.2020 e.4 25.06.2020 Libro Perteneció a la biblioteca personal de Flia. Reyes Duluc
    Dewey Decimal Classification Excluido de préstamo   Patrimonio Dominicano Biblioteca Nacional Pedro Henríquez Ureña Biblioteca Nacional Pedro Henríquez Ureña Depósito 10.09.2010     BNPHU PD V443f 21718-10 25.06.2020   25.06.2020 Libro Perteneció a la biblioteca personal de Aída Cartagena Portalatín
    Dewey Decimal Classification Excluido de préstamo   Patrimonio Dominicano Biblioteca Nacional Pedro Henríquez Ureña Biblioteca Nacional Pedro Henríquez Ureña Depósito 10.09.2010     BNPHU PD V443f 21718-20 25.06.2020 e. 2 25.06.2020 Libro  
    Dewey Decimal Classification Préstamo en sala   Dominicana de Servicio Biblioteca Nacional Pedro Henríquez Ureña Biblioteca Nacional Pedro Henríquez Ureña Depósito 01.03.2023 Donación   BNPHU DS V443f 2024-3465 13.06.2024 e. 5 25.06.2020 Libro Perteneció a la biblioteca personal de Emilio Cordero Michel

Powered by Koha